Alphabet Grec - Statistiques

Statistiques générales
  • Ce quiz a été pris 151 fois
  • Le résultat moyen est 17 sur 24
Statistiques - réponses
Majuscule minuscule Nom de la lettre % Correct
A α alpha
99%
B β bêta
98%
Ω ω oméga
93%
Δ δ delta
89%
Z ζ zêta
83%
E ε epsilon
82%
Π π pi
81%
Γ γ gamma
79%
M μ mu
75%
Φ φ phi
74%
Λ λ lambda
72%
N ν nu
71%
P ρ rhô
69%
K κ kappa
67%
Σ σ sigma
67%
Θ θ thêta
67%
Ψ ψ psi
66%
H η êta
63%
I ι iota
63%
O ο omicron
62%
Y υ upsilon
59%
Ξ ξ xi
55%
T τ tau
50%
X χ chi
27%
Aucun quiz correspondant
Distribution des résultats
% des personnes avec chaque résultat
Percentile par nombre de réponses
Votre historique - résultats
Vous n’avez pas pris ce quiz